Türkçe Rock Albümleri - Paint Çizimi - Statistics

General Stats
  • This quiz has been taken 16 times
  • The average score is 5 of 10
Answer Stats
Picture Answer % Correct
Dünya Yalan Söylüyor
92%
maNga
58%
Hayat
50%
Kadın
42%
Satılık
42%
Seni Kendime Sakladım
42%
Y.O.K.
42%
Kurban
33%
Sakin Olmam Lazım
25%
Tatlı sert
25%
No matching quizzes found
Score Distribution
Percent of People with Each Score
Percentile by Number Answered
Your Score History
You have not taken this quiz